000
00304nam a22001337a 4500
008
170215b xxu||||| |||| 00| 0 eng d
020
_a
9781455708437
041
_a
eng
080
_2
29TH
_a
61
100
_a
4
101
_a
SHM
245
_a
DORLAND'S POCKET MEDICAL DICTIONARY
_c
DORLAND
942
_2
udc
_c
BK
999
_c
5608
_d
5608